Ovonramwen Nogbaisi an historical tragedy in English

Saved in:
Bibliographic Details
Main Author: ROTIMI, Ola
Format: Book
Language:English
Published: Ethiope Publishing Corporation 1974.
Tags: Add Tag
No Tags, Be the first to tag this record!

MARC

LEADER 00000nam a22000007a 4500
008 201210b ||||| |||| 00| 0 eng d
020 |a 0-19-575233-3 
100 |a ROTIMI, Ola 
245 |a Ovonramwen Nogbaisi  |b an historical tragedy in English  |c Ola Rotimi  |g xiii, 81p. 
260 |b Ethiope Publishing Corporation  |c 1974.   |h Benin City, Nigeria  |i 681110   |i 681111  |l PR9387.9 .R67Ov6  |m Ovonramwen, king of Benin, -1914 – Drama  |m Benin – Kings and rulers – Drama 
942 |a lcc  |c BK  |e Kuteyi M. A.  |f 10/12/2020 
952 |0 0  |1 0  |2 lcc  |4 0  |6 PR93879 R67 O V6  |7 0  |9 350  |a HOL  |b AC  |c LP  |d 2020-12-10  |l 0  |o PR9387.9 .R67Ov6  |p 2020-2085  |r 2020-12-10 00:00:00  |w 2020-12-10  |y BK 
952 |0 0  |1 0  |2 lcc  |4 0  |6 PR93879 R67 O V6  |7 0  |9 351  |a HOL  |b HOL  |c LP  |d 2020-12-10  |l 0  |o PR9387.9 .R67Ov6  |p 2020-2086  |r 2020-12-10 00:00:00  |w 2020-12-10  |y BK 
999 |c 167  |d 167